|
|
|
|
| LEADER |
00000cam a2200000 7i4500 |
| 001 |
0000006622 |
| 002 |
000007144 |
| 005 |
20000330.0 |
| 020 |
|
|
|a 9836229744
|
| 090 |
0 |
0 |
|a 297.122
|b SYA
|
| 100 |
1 |
|
|a Syalabiy, Saad Ismail
|
| 245 |
1 |
0 |
|a Khalifah Allah
|c Saad Ismail Syalabiy ; penterjemah Abu Hafiz
|
| 260 |
|
|
|a Ciro :
|b Dar Al-Fikir Al-Arabi ,
|c 1993
|
| 300 |
|
|
|a 29p. :
|b ill ;
|c 23cm.
|
| 490 |
0 |
|
|a Siri pendidikan Al Quran untuk kanak-kanak
|
| 650 |
0 |
0 |
|a Islamic stories, Malay
|
| 999 |
|
|
|a 039891
|b BUKU
|c PINJAMAN
|e PERPUSTAKAAN KOMUNITI PETALING JAYA
|
| 999 |
|
|
|a 039892
|b BUKU
|c PINJAMAN
|e PERPUSTAKAAN KOMUNITI PETALING JAYA
|
| 999 |
|
|
|a 046292
|b BUKU
|c JUNIOR BOOKS
|e PERPUSTAKAAN KOMUNITI CAW KOTA DAMANSARA
|
| 999 |
|
|
|a 046293
|b BUKU
|c JUNIOR BOOKS
|e PERPUSTAKAAN KOMUNITI CAW KOTA DAMANSARA
|
| 999 |
|
|
|a 054953
|b BUKU
|c JUNIOR BOOKS
|e PERPUSTAKAAN KOMUNITI CAW KOTA DAMANSARA
|